Mixed Word: Cereal Types Quiz Stats

 Plays Quiz Updated Feb 1, 2012

Support Sporcle.
Go Orange.
Score 0/22 Timer 03:00
0 Plays Today
Mixed Word Cereal % Correct
RIXTTrix
98.9%
XKIKix
98.5%
ROCN SOPPCorn Pops
96.7%
CRIE KPIESRISRice Krispies
94.8%
ACOOC FUSFPCocoa Puffs
93.6%
PLAPE KCJASApple Jacks
90.6%
ONEHY UNT HECERIOSHoney Nut Cheerios
90.5%
CIANNNMO AOSTT RUCHCNCinnamon Toast Crunch
84.1%
GODELN GHAMARSGolden Grahams
83.3%
FIRUYT BLEBEPSFruity Pebbles
83.3%
OOFTR OPLOSFroot Loops
83%
Mixed Word Cereal % Correct
TFREDOS MNII HEATWSFrosted Mini Wheats
82.6%
CUKLY SAMCHR Lucky Charms
82.5%
RDOFSTE LAFEKSFrosted Flakes
82.1%
RAGEP TUSNGrape Nuts
82%
ASIRNI ARNBRaisin Bran
81.4%
CPNA UHRCNCCap'n Crunch
79.6%
YEHOONCMBHoneycomb
78.1%
OKEIOC RICPSCookie Crisp
76.7%
NOUTC OUHCLACCount Chocula
74.8%
ESERES USFPFReese's Puffs
74%
TWIHEEASWheaties
73.5%

You're not logged in!

Compare scores with friends on all Sporcle quizzes.
OR
Log In

From the Vault

European Countries with an 'L'

by PrincessMartell

If you don't know your geography, you may wonder where the 'L' you're supposed to click.
Remove Ads.
Support Sporcle.
Get the best of Sporcle when you Go Orange. This ad-free experience offers more features, more stats, and more fun while also helping to support Sporcle. Thank you for becoming a member.

Show Comments

Extras

Top Quizzes Today


Score Distribution

Your Account Isn't Verified!

In order to create a playlist on Sporcle, you need to verify the email address you used during registration. Go to your Sporcle Settings to finish the process.

Report this User

Report this user for behavior that violates our Community Guidelines.

Details: